[Event "PNWCC Masters WOO 2020"]
[Site "chess.com INT"]
[Date "2020.07.05"]
[Round "5.6"]
[White "Safarli, Eltaj"]
[Black "Vitiugov, Nikita"]
[Result "1-0"]
[WhiteTitle "GM"]
[BlackTitle "GM"]
[WhiteElo "2598"]
[BlackElo "2722"]
[WhiteFideId "13402129"]
[BlackFideId "4152956"]
[EventDate "2020.07.04"]

1. e4 c5 2. Nc3 d6 3. Bb5+ Nd7 4. d4 cxd4 5. Qxd4 a6 6. Bxd7+ Bxd7 7. Nge2 Rc8
8. O-O Nf6 9. Bg5 h6 10. Bxf6 gxf6 11. f4 Qa5 12. b4 Qc7 13. Nd5 Qc4 14. Qe3 f5
15. Ng3 Be6 16. Nxe7 Bxe7 17. exf5 Qc3 18. Qxc3 Rxc3 19. fxe6 fxe6 20. f5 e5 21.
f6 Bf8 22. Rad1 Rxc2 23. Ne4 Rc6 24. a4 Kd7 25. f7 Bg7 26. b5 axb5 27. axb5 Rb6
28. Rd5 Ke6 29. Rfd1 Kxf7 30. Rxd6 Rxd6 31. Rxd6 Ra8 32. Kf2 Bf8 33. Rb6 Ra7 34.
Kf3 h5 35. Ng5+ Ke8 36. Ke4 Bc5 37. Re6+ Kd7 38. Kd5 Be7 39. Nf7 Ra5 40. Nxe5+
Kd8 41. Rb6 Kc7 42. Nc4 Ra2 43. Rg6 h4 44. b6+ Kd7 45. Rg8 Bd8 46. Rg7+ Ke8 47.
Rxb7 Bxb6 48. Rxb6 Rxg2 49. Rb2 h3 50. Ke4 Rg4+ 51. Kd3 Rg2 52. Re2+ Kf8 53. Ne3
Rg1 54. Rf2+ Kg7 55. Rf3 1-0

[Event "PNWCC Masters WOO 2020"]
[Site "chess.com INT"]
[Date "2020.07.05"]
[Round "5.7"]
[White "Esipenko, Andrey"]
[Black "Chigaev, Maksim"]
[Result "1/2-1/2"]
[WhiteTitle "GM"]
[BlackTitle "GM"]
[WhiteElo "2682"]
[BlackElo "2588"]
[WhiteFideId "24175439"]
[BlackFideId "4108116"]
[EventDate "2020.07.04"]

1. d4 Nf6 2. c4 g6 3. Nc3 Bg7 4. e4 d6 5. Nf3 O-O 6. Be2 e5 7. O-O Qe8 8. d5 a5
9. Bg5 Na6 10. Nd2 Bd7 11. Kh1 h6 12. Be3 h5 13. Nf3 Nc5 14. Ng5 Qe7 15. h3 c6
16. a4 Rfc8 17. Ra3 Be8 18. Bxc5 dxc5 19. Nf3 Nd7 20. Rb3 Nb8 21. h4 Rd8 22. Qc1
Na6 23. g3 Nb4 24. Kg2 Rac8 25. Ra3 Rd6 26. b3 Bd7 27. Nd1 Rf8 28. Qg5 Bf6 29.
Qd2 Bc8 30. Ra1 Bg7 31. Qg5 Bf6 32. Qd2 Bg7 33. Qg5 Bf6 34. Qd2 1/2-1/2

[Event "PNWCC Masters WOO 2020"]
[Site "chess.com INT"]
[Date "2020.07.05"]
[Round "5.8"]
[White "Kovalev, Vladislav"]
[Black "Flom, Gabriel"]
[Result "1-0"]
[WhiteTitle "GM"]
[BlackTitle "GM"]
[WhiteElo "2648"]
[BlackElo "2514"]
[WhiteFideId "13504398"]
[BlackFideId "621650"]
[EventDate "2020.07.04"]

1. e4 e6 2. d4 d5 3. Nd2 c5 4. Ngf3 cxd4 5. Nxd4 Nc6 6. Bb5 Bd7 7. Nxc6 bxc6 8.
Bd3 Qc7 9. Qe2 Ne7 10. Nf3 Ng6 11. O-O Be7 12. Re1 O-O 13. e5 c5 14. b3 a5 15.
c4 d4 16. h4 f5 17. exf6 gxf6 18. h5 Nh8 19. Nh4 Rf7 20. Qf3 Rc8 21. Bf4 Bd6 22.
Bh6 Bf8 23. Qg4+ Bg7 24. Re2 f5 25. Qg5 Qd8 26. Rae1 Qxg5 27. Bxg5 Bf6 28. Nf3
Re8 29. Bd2 Rfe7 30. Ne5 Bxe5 31. Rxe5 Nf7 32. Rxc5 e5 33. Rxa5 e4 34. Be2 e3
35. fxe3 dxe3 36. Bc3 Bc6 37. Rxf5 1-0

[Event "PNWCC Masters WOO 2020"]
[Site "chess.com INT"]
[Date "2020.07.05"]
[Round "5.9"]
[White "Indjic, Aleksandar"]
[Black "Predojevic, Borki"]
[Result "1/2-1/2"]
[WhiteTitle "GM"]
[BlackTitle "GM"]
[WhiteElo "2618"]
[BlackElo "2601"]
[WhiteFideId "911925"]
[BlackFideId "930849"]
[EventDate "2020.07.04"]

1. d4 e6 2. c4 Bb4+ 3. Nd2 Nf6 4. Nf3 O-O 5. a3 Be7 6. g3 b6 7. Bg2 Bb7 8. O-O
c5 9. b3 cxd4 10. Nxd4 Bxg2 11. Kxg2 Nc6 12. Nxc6 dxc6 13. Bb2 Qc7 14. Qc2 Rfd8
15. Rad1 c5 16. Nf3 Qb7 17. Rxd8+ Rxd8 18. Rd1 Rxd1 19. Qxd1 Ne4 20. Kg1 f6 21.
Qd3 a6 22. a4 Qc6 23. Ne1 Nd6 24. Ng2 b5 25. axb5 axb5 26. Nf4 bxc4 27. bxc4 Qa4 1/2-1/2

[Event "PNWCC Masters WOO 2020"]
[Site "chess.com INT"]
[Date "2020.07.05"]
[Round "5.10"]
[White "Hovhannisyan, Robert"]
[Black "Murzin, Volodar"]
[Result "1-0"]
[WhiteTitle "GM"]
[BlackTitle "IM"]
[WhiteElo "2642"]
[BlackElo "2465"]
[WhiteFideId "13302507"]
[BlackFideId "44155573"]
[EventDate "2020.07.04"]

1. e4 c6 2. Nf3 d5 3. d3 g6 4. Qe2 Bg7 5. g3 Nd7 6. Bg2 e5 7. O-O Ne7 8. exd5
cxd5 9. c4 O-O 10. Nc3 d4 11. Ne4 Nc6 12. Nd6 Nc5 13. Nxc8 Rxc8 14. Ng5 a5 15.
Ne4 Ne6 16. h4 h6 17. h5 f5 18. Nd2 g5 19. Bd5 Qd6 20. f4 g4 21. Ne4 fxe4 22.
Qxg4 Kh8 23. Qxe6 Qxe6 24. Bxe6 Rce8 25. Bd7 e3 26. Bxe8 Rxe8 27. a3 exf4 28.
gxf4 Bf6 29. b3 Ne7 30. Ra2 Nf5 31. Re1 Bh4 32. Ree2 Ng3 33. Kg2 Kg7 34. Kf3 Nf5
35. Rg2+ Kf7 36. Rg4 Bf6 37. Rh2 Nd6 38. Bb2 Nf5 39. Rg6 Ke6 40. Ke2 Kf7 41. Rh1
Bd8 42. Rc1 Bc7 43. c5 Rd8 44. b4 Rd5 45. Rcg1 Rd8 46. b5 Rd5 47. Rc1 Nh4 48.
Rxh6 Bxf4 49. Rf1 Rf5 50. Rh7+ Kg8 51. Rxb7 Rxc5 52. Rg7+ Kh8 53. Bxd4 Rc2+ 54.
Kd1 Rd2+ 55. Kc1 Nf5 56. Rxf4 Nxd4 57. Rxd4 Kxg7 58. b6 Rf2 59. b7 Rf8 60. Kd1 1-0

[Event "PNWCC Masters WOO 2020"]
[Site "chess.com INT"]
[Date "2020.07.05"]
[Round "5.11"]
[White "Shyam, Sundar M."]
[Black "Tabatabaei, M.amin"]
[Result "1/2-1/2"]
[WhiteTitle "GM"]
[BlackTitle "GM"]
[WhiteElo "2518"]
[BlackElo "2629"]
[WhiteFideId "5019141"]
[BlackFideId "12521213"]
[EventDate "2020.07.04"]

1. e4 c5 2. Nf3 d6 3. d4 cxd4 4. Qxd4 Nf6 5. Be2 Nc6 6. Qe3 Bg4 7. O-O g6 8. Rd1
Nd7 9. h3 Bxf3 10. Bxf3 Bg7 11. c4 Qb6 12. Qd2 Nd4 13. Be2 Nxe2+ 14. Qxe2 Rc8
15. Na3 O-O 16. Rb1 a6 17. b3 Qa5 18. Qd2 Qh5 19. f3 Ne5 20. Qg5 Qxg5 21. Bxg5
Nc6 22. Kf1 Rfe8 23. Bd2 f5 24. exf5 gxf5 25. Be1 f4 26. Rd5 e6 27. Rdd1 Nd4 28.
Bf2 Nf5 29. Rd3 h5 30. Re1 Kf7 31. Re4 Be5 32. c5 Rxc5 33. Bxc5 Ng3+ 34. Ke1
Nxe4 35. Bb4 a5 36. Bxa5 Nc5 37. Rd1 d5 38. Bb4 Rc8 39. Nb5 b6 40. Kf1 Kf6 41.
Rc1 Ra8 42. Rc2 Kf5 43. Ke2 Rg8 44. Kf1 Na6 45. Be1 Ra8 46. Ke2 Rg8 47. Kf1 Ra8
48. b4 Nc7 49. Nxc7 Rc8 50. a4 Rxc7 51. Rxc7 Bxc7 52. a5 bxa5 53. bxa5 e5 54. a6
Bb6 1/2-1/2

[Event "PNWCC Masters WOO 2020"]
[Site "chess.com INT"]
[Date "2020.07.05"]
[Round "5.12"]
[White "Martinez Alcantara, Jose Eduardo"]
[Black "Yip, Carissa"]
[Result "1-0"]
[WhiteTitle "GM"]
[BlackTitle "IM"]
[WhiteElo "2620"]
[BlackElo "2421"]
[WhiteFideId "3805662"]
[BlackFideId "2090732"]
[EventDate "2020.07.04"]

1. e4 e5 2. Nf3 Nc6 3. Bb5 a6 4. Ba4 g6 5. c3 Bg7 6. O-O b5 7. Bb3 d6 8. a4 Rb8
9. d4 exd4 10. cxd4 Nge7 11. axb5 axb5 12. d5 Ne5 13. Nxe5 Bxe5 14. Nd2 O-O 15.
h3 Bg7 16. Nf3 Bd7 17. Qe2 h6 18. Be3 Re8 19. Rfc1 Kh7 20. Ra7 Nc8 21. Raxc7
Rxe4 22. Qd3 Rc4 23. Bxc4 Qxc7 24. Bb3 Qb7 25. Bd4 Bf8 26. Bc3 b4 27. Bf6 Ne7
28. Nd2 Bf5 29. Qf3 Ng8 30. Bd4 Qe7 31. g4 Bc8 32. Ne4 Bg7 33. Bxg7 Kxg7 34. Qf4
Ba6 35. Nxd6 Nf6 36. Nxf7 Rc8 37. d6 Qe2 38. Qxh6+ Kg8 39. Qh8# 1-0

[Event "PNWCC Masters WOO 2020"]
[Site "chess.com INT"]
[Date "2020.07.05"]
[Round "5.13"]
[White "Nguyen, Duc Hoa"]
[Black "Kuzubov, Yuriy"]
[Result "0-1"]
[WhiteTitle "GM"]
[BlackTitle "GM"]
[WhiteElo "2406"]
[BlackElo "2643"]
[WhiteFideId "12401358"]
[BlackFideId "14112906"]
[EventDate "2020.07.04"]

1. d4 Nf6 2. c4 e6 3. g3 d5 4. Bg2 dxc4 5. Nf3 Bb4+ 6. Bd2 a5 7. Qc2 Bxd2+ 8.
Nbxd2 b5 9. a4 c6 10. Ne5 Ra6 11. e3 Nd5 12. O-O f6 13. Nef3 Nd7 14. Ne4 N7b6
15. Nc5 Ra7 16. Nd2 O-O 17. b3 cxb3 18. Qxb3 b4 19. Bh3 Re8 20. e4 Nc3 21. Bxe6+
Kh8 22. Bxc8 Qxd4 23. Bd7 Nxd7 24. Qf7 Rg8 25. Ndb3 Ne2+ 0-1

[Event "PNWCC Masters WOO 2020"]
[Site "chess.com INT"]
[Date "2020.07.05"]
[Round "5.14"]
[White "Fedoseev, Vladimir3"]
[Black "Matinian, Nikita"]
[Result "1-0"]
[WhiteTitle "GM"]
[BlackTitle "GM"]
[WhiteElo "2678"]
[BlackElo "2475"]
[WhiteFideId "24130737"]
[BlackFideId "24129100"]
[EventDate "2020.07.04"]

1. e4 e5 2. Nf3 Nc6 3. Bb5 a6 4. Ba4 Nf6 5. O-O Be7 6. Re1 b5 7. Bb3 d6 8. c3
O-O 9. d4 Bg4 10. Be3 exd4 11. cxd4 d5 12. e5 Ne4 13. Nbd2 Bb4 14. Qc2 Na5 15.
Rec1 Nxd2 16. Nxd2 Nc4 17. a3 Ba5 18. Ba2 Bb6 19. h3 Bh5 20. Nxc4 dxc4 21. Qc3
c6 22. b3 cxb3 23. Bxb3 Rc8 24. e6 Re8 25. d5 Bxe3 26. Qxe3 cxd5 27. Rxc8 Qxc8
28. Bxd5 fxe6 29. Rc1 Qd8 30. Bb7 a5 31. Bc6 Rf8 32. Bxb5 Qd6 33. Rc6 Qd1+ 34.
Kh2 Bf7 35. Ra6 Qc2 36. Ra7 e5 37. Bd3 Qa4 38. Qxe5 Qxa3 39. Bc4 1-0

[Event "PNWCC Masters WOO 2020"]
[Site "chess.com INT"]
[Date "2020.07.05"]
[Round "5.15"]
[White "Demchenko, Anton"]
[Black "Shlyakhtenko, Robert"]
[Result "1-0"]
[WhiteTitle "GM"]
[BlackTitle "FM"]
[WhiteElo "2641"]
[BlackElo "2343"]
[WhiteFideId "4160258"]
[BlackFideId "30936934"]
[EventDate "2020.07.04"]

1. e4 e6 2. d4 d5 3. Nd2 Be7 4. Ngf3 Nf6 5. e5 Nfd7 6. c3 c5 7. Be2 Nc6 8. O-O
O-O 9. Re1 cxd4 10. cxd4 f6 11. exf6 Bxf6 12. Nf1 e5 13. dxe5 Ndxe5 14. Be3 Ng4
15. Bc5 Rf7 16. Bc4 Be6 17. Rxe6 dxc4 18. Qe2 g6 19. Rd1 Qc7 20. Bd6 Qb6 21. h3
Nh6 22. Ba3 Kg7 23. Ne3 Nf5 24. Nxf5+ gxf5 25. Qxc4 Rd8 26. Rde1 Qa5 27. Qf4 h6
28. Re8 Rxe8 29. Rxe8 Kh7 30. Bf8 Bg7 31. Bxg7 Rxg7 32. Ne5 Qe1+ 33. Kh2 Rg5 34.
h4 Rh5 35. Qg3 1-0

[Event "PNWCC Masters WOO 2020"]
[Site "chess.com INT"]
[Date "2020.07.05"]
[Round "5.16"]
[White "Ter-Sahakyan, Samvel"]
[Black "Li, Ben"]
[Result "1-0"]
[WhiteTitle "GM"]
[BlackTitle "IM"]
[WhiteElo "2640"]
[BlackElo "2376"]
[WhiteFideId "13302531"]
[BlackFideId "2089980"]
[EventDate "2020.07.04"]

1. e4 e5 2. Nf3 Nf6 3. Nxe5 d6 4. Nf3 Nxe4 5. Nc3 Nxc3 6. dxc3 Be7 7. Be3 O-O 8.
Qd2 Nd7 9. O-O-O Nf6 10. Bd3 c5 11. Kb1 Re8 12. Ng5 h6 13. h4 d5 14. f3 c4 15.
Be2 hxg5 16. hxg5 Nh7 17. f4 Bf5 18. Bf3 Nf8 19. g4 Bh7 20. f5 d4 21. g6 dxe3
22. gxf7+ Kh8 23. Qxe3 Qb6 24. Qxb6 axb6 25. fxe8=Q Rxe8 26. Rde1 b5 27. a3 b4
28. axb4 Kg8 29. Bd5+ Kh8 30. Bf7 1-0

[Event "PNWCC Masters WOO 2020"]
[Site "chess.com INT"]
[Date "2020.07.05"]
[Round "5.17"]
[White "Bernadskiy, Vitaliy"]
[Black "Leiva, Giuseppe"]
[Result "1-0"]
[WhiteTitle "GM"]
[BlackTitle "IM"]
[WhiteElo "2629"]
[BlackElo "2391"]
[WhiteFideId "14100371"]
[BlackFideId "3804399"]
[EventDate "2020.07.04"]

1. e4 c6 2. d4 d5 3. exd5 cxd5 4. Bd3 Nc6 5. c3 Qc7 6. h3 g6 7. Ne2 Bh6 8. O-O
Bf5 9. Bxf5 gxf5 10. Bxh6 Nxh6 11. Qd2 Ng8 12. Qg5 O-O-O 13. Qxf5+ e6 14. Qf4 h5
15. Qxc7+ Kxc7 16. Nd2 Nge7 17. Nf4 h4 18. Rfe1 b5 19. Nf3 Nf5 20. Nd3 Rh7 21.
a4 bxa4 22. Rxa4 Rg7 23. Nfe5 Rdg8 24. Nf4 Nfe7 25. Nf3 Rh7 26. Ra6 Kb7 27. Rea1
Nc8 28. b3 Rd8 29. Kh2 Rd6 30. Nd3 f6 31. b4 Kb8 32. Nc5 Nd8 33. R6a2 Nb6 34.
Re1 Nd7 35. Rae2 Nxc5 36. dxc5 Ra6 37. Rd1 Ra3 38. c4 Rd7 39. b5 Rc3 40. c6 Rd6
41. cxd5 Rxd5 42. Rxd5 exd5 43. Nxh4 d4 44. Re7 a6 45. Re8 Kc8 46. Nf5 axb5 47.
Nd6+ Kc7 48. Nxb5+ Kxc6 49. Nxc3 dxc3 50. Rxd8 Kc7 51. Rd3 1-0

[Event "PNWCC Masters WOO 2020"]
[Site "chess.com INT"]
[Date "2020.07.05"]
[Round "5.18"]
[White "Kobalia, Mikhail"]
[Black "Eswaran, Ashritha"]
[Result "1-0"]
[WhiteTitle "GM"]
[BlackTitle "WIM"]
[WhiteElo "2614"]
[BlackElo "2244"]
[WhiteFideId "4119150"]
[BlackFideId "2080788"]
[EventDate "2020.07.04"]

1. e4 c5 2. Nf3 a6 3. g3 e6 4. Bg2 b6 5. O-O Bb7 6. d4 cxd4 7. Nxd4 d6 8. c4 Be7
9. Nc3 Qc7 10. Be3 Nf6 11. Rc1 O-O 12. g4 Rd8 13. f4 Nbd7 14. g5 Ne8 15. f5 Nf8
16. fxe6 fxe6 17. Qf3 Nf6 18. gxf6 Bxf6 19. Qh3 Re8 20. Nf3 Rac8 21. Qg3 Bxc3
22. Rxc3 Bxe4 23. Ng5 Bg6 24. Bh3 Qc6 25. Bd4 Re7 26. Qf2 Rb8 27. Rf3 Bf5 28.
Bxf5 exf5 29. Rxf5 Ng6 30. b3 Qd7 31. Qf3 h6 32. Qd5+ Kh8 33. Nf7+ Kh7 34. Nxh6
Nh4 35. Rh5 gxh6 36. Rxh4 Rg8+ 37. Kh1 Rg6 38. Rhf4 Rge6 39. Qf5+ 1-0

[Event "PNWCC Masters WOO 2020"]
[Site "chess.com INT"]
[Date "2020.07.05"]
[Round "5.19"]
[White "Kumar, Nikhil"]
[Black "Mikhalevski, Victor"]
[Result "0-1"]
[WhiteTitle "FM"]
[BlackTitle "GM"]
[WhiteElo "2328"]
[BlackElo "2565"]
[WhiteFideId "30909040"]
[BlackFideId "2801914"]
[EventDate "2020.07.04"]

1. d4 d5 2. c4 e6 3. Nf3 Nf6 4. g3 dxc4 5. Bg2 Be7 6. O-O O-O 7. Qc2 b6 8. Bg5
Nd5 9. Bxe7 Qxe7 10. Ne5 c5 11. dxc5 Qxc5 12. Qxc4 Nd7 13. Qxc5 Nxc5 14. Nc3
Nxc3 15. Bxa8 Nxe2+ 16. Kg2 f6 17. Ng4 Ba6 18. Bf3 Nd4 19. Rfd1 Nxf3 20. Kxf3
Nd3 21. Kg2 f5 22. Ne3 f4 23. Nf1 fxg3 24. Kxg3 Nxf2 25. Rd7 Ne4+ 26. Kg2 Rf2+
27. Kg1 Rxb2 28. Rxa7 Bd3 29. Rc1 h6 30. Rd7 Nf2 31. Ng3 Nh3+ 32. Kh1 Nf4 33.
Rd4 e5 34. Rd8+ Kh7 35. Rd1 e4 36. a4 Nh3 37. Re1 Ng5 0-1

[Event "PNWCC Masters WOO 2020"]
[Site "chess.com INT"]
[Date "2020.07.05"]
[Round "5.20"]
[White "Shabalov, Alexander"]
[Black "Kolay, Alex"]
[Result "1-0"]
[WhiteTitle "GM"]
[WhiteElo "2528"]
[BlackElo "2208"]
[WhiteFideId "2008572"]
[BlackFideId "30919991"]
[EventDate "2020.07.04"]

1. e4 e5 2. Nf3 Nc6 3. Bb5 a6 4. Ba4 Nf6 5. O-O Be7 6. Re1 b5 7. Bb3 d6 8. c3
O-O 9. h3 Nb8 10. d4 Nbd7 11. Nbd2 Bb7 12. Bc2 Re8 13. Nf1 Bf8 14. Ng3 g6 15. a4
Bg7 16. Bd3 c6 17. Bg5 h6 18. Be3 d5 19. dxe5 Nxe4 20. Bxe4 dxe4 21. Nxe4 Nxe5
22. Nxe5 Rxe5 23. Nc5 Qe7 24. Bd4 Rxe1+ 25. Qxe1 Re8 26. Qxe7 Rxe7 27. Bxg7 Kxg7
28. a5 Bc8 29. Rd1 Rc7 30. f4 Kf6 31. Kf2 Ke7 32. g4 Ra7 33. Kg3 Be6 34. h4 Ra8
35. b4 Bd5 36. Re1+ Kd6 37. g5 hxg5 38. fxg5 Be6 39. Kf4 Rh8 40. Kg3 Bc8 41. Rf1
Rf8 42. Rf6+ Kd5 43. h5 gxh5 44. Kh4 Re8 45. Rxf7 Re3 46. g6 Rxc3 47. g7 Rh3+
48. Kg5 Rg3+ 49. Kxh5 Rh3+ 50. Kg5 Rg3+ 51. Kf6 1-0

[Event "PNWCC Masters WOO 2020"]
[Site "chess.com INT"]
[Date "2020.07.05"]
[Round "5.21"]
[White "Bosiocic, Marin"]
[Black "Tanenbaum, Zachary"]
[Result "1-0"]
[WhiteTitle "GM"]
[WhiteElo "2625"]
[BlackElo "2137"]
[WhiteFideId "14507927"]
[BlackFideId "2060850"]
[EventDate "2020.07.04"]

1. Nf3 d5 2. g3 Nf6 3. Bg2 c6 4. O-O Bf5 5. d3 Nbd7 6. c4 e6 7. cxd5 cxd5 8. Nc3
Bc5 9. Qb3 Qb6 10. Qa4 d4 11. Ne4 Bxe4 12. dxe4 Qa6 13. Qxa6 bxa6 14. Bf4 Rc8
15. e5 Nd5 16. Rfd1 h6 17. h4 Nxf4 18. gxf4 Nb6 19. Nxd4 Bxd4 20. Rxd4 Rc2 21.
e3 Rxb2 22. a4 a5 23. Rc1 O-O 24. Rc7 Ra2 25. Rxa7 Rxa4 26. Rxa4 Nxa4 27. Rxa5
Nb6 28. h5 Rd8 29. Be4 Nd7 30. Kg2 Nf8 31. Ra6 Re8 32. Kg3 Nh7 33. Ra7 Nf8 34.
Bb1 Rb8 35. Ba2 Rb5 36. Ra8 Rc5 37. Kg2 Rb5 38. Kf3 Rc5 39. Kg3 Rb5 40. e4 Rc5
41. f5 Rc6 42. Kf3 Rb6 43. Ke3 Rc6 44. Kd4 Rb6 45. Kc5 Rb2 46. fxe6 Rxf2 47. e7 1-0

[Event "PNWCC Masters WOO 2020"]
[Site "chess.com INT"]
[Date "2020.07.05"]
[Round "5.22"]
[White "Ghazarian, Kirk"]
[Black "Lintchevski, Daniil"]
[Result "0-1"]
[BlackTitle "GM"]
[WhiteElo "2181"]
[BlackElo "2559"]
[WhiteFideId "30908604"]
[BlackFideId "4171055"]
[EventDate "2020.07.04"]

1. d4 Nf6 2. c4 b6 3. f3 Nc6 4. Nc3 e5 5. d5 Ne7 6. e4 Ng6 7. Nge2 Bc5 8. a3 a5
9. Na4 Be7 10. Be3 O-O 11. g3 Ne8 12. Bh3 Nd6 13. b3 f5 14. exf5 Nxf5 15. Bxf5
Rxf5 16. O-O d6 17. Nac3 Qf8 18. f4 Bd7 19. Ne4 Re8 20. g4 Rxf4 21. Nxf4 exf4
22. Bd4 Bh4 23. Qf3 Bxg4 24. Qxg4 Rxe4 25. Bf2 Bxf2+ 26. Rxf2 Qe8 27. Raf1 Re5
28. a4 h5 29. Qf3 Kh7 30. Kh1 Kh6 31. Rg1 Re1 32. Rg2 Rxg1+ 33. Rxg1 Qe5 34. Rf1
Qf5 35. h3 Kh7 36. Kh2 Kg8 37. Rf2 Kf7 38. Rf1 Ke7 39. Rf2 Kd8 40. Rf1 Kd7 41.
Rf2 Ke7 42. Rf1 Kf6 43. Rf2 Qg5 44. Rf1 Qe5 45. Rf2 Qf5 46. Rf1 h4 47. Rf2 Qg5
48. Rg2 Ne5 49. Qe4 Qh6 50. Rg1 g5 51. Kg2 f3+ 52. Kf2 g4 53. hxg4 Qd2+ 54. Kf1
Qd1+ 55. Qe1 Qd3+ 56. Kf2 Qc2+ 57. Kf1 Kg6 58. g5 h3 59. Qf2 Qd1+ 60. Qe1 Qd3+
61. Kf2 h2 62. Rh1 Qc2+ 63. Kg3 Qg2+ 64. Kf4 Nd3+ 0-1

[Event "PNWCC Masters WOO 2020"]
[Site "chess.com INT"]
[Date "2020.07.05"]
[Round "5.23"]
[White "Liang, Justin"]
[Black "Tran, Tuan Minh"]
[Result "1/2-1/2"]
[BlackTitle "GM"]
[WhiteElo "2067"]
[BlackElo "2518"]
[WhiteFideId "2099942"]
[BlackFideId "12401820"]
[EventDate "2020.07.04"]

1. d4 Nf6 2. c4 e6 3. Nf3 b6 4. e3 Bb7 5. Nc3 Bb4 6. Bd3 O-O 7. O-O Bxc3 8. bxc3
Be4 9. Qc2 Bxd3 10. Qxd3 d6 11. a4 Nc6 12. Ba3 Re8 13. Nd2 e5 14. f3 Qd7 1/2-1/2

[Event "PNWCC Masters WOO 2020"]
[Site "chess.com INT"]
[Date "2020.07.05"]
[Round "5.24"]
[White "Brodsky, David"]
[Black "Salik, Serkan"]
[Result "1/2-1/2"]
[WhiteTitle "IM"]
[WhiteElo "2455"]
[BlackElo "1986"]
[WhiteFideId "2073250"]
[BlackFideId "30952492"]
[EventDate "2020.07.04"]

1. e4 c5 2. Nf3 d6 3. d4 cxd4 4. Nxd4 Nf6 5. Nc3 a6 6. Be3 e5 7. Nb3 Be7 8. f3
Be6 9. Qd2 O-O 10. O-O-O Nbd7 11. g4 b5 12. g5 b4 13. Ne2 Ne8 14. f4 a5 15. f5
a4 16. Nbd4 exd4 17. Nxd4 b3 18. Kb1 bxc2+ 19. Nxc2 Bb3 20. axb3 axb3 21. Na3
Ne5 22. h4 Ra5 23. Bd4 Qa8 24. Qe3 Nc7 25. f6 gxf6 26. gxf6 Bxf6 27. Rg1+ Kh8
28. Bc4 Rxa3 29. bxa3 Qxa3 30. Rd2 Ne6 31. Qh6 Bg7 32. Rxg7 Nxg7 33. Qf6 Qa5 34.
Bxe5 Qxe5 35. Qxe5 dxe5 36. Bxb3 Ne6 37. Bxe6 fxe6 38. Rd6 Rf4 39. Rxe6 Rxe4 40.
Kc2 Rxh4 41. Kd3 h5 42. Rxe5 Kg7 43. Ke3 Kf6 44. Ra5 Kg6 45. Kf3 Rg4 46. Ra8 Rb4
47. Ra5 Rg4 48. Rb5 Rg1 49. Kf2 Rg4 50. Kf3 Kh6 51. Ra5 Rg8 52. Ra6+ Kh7 53.
Ra7+ Kh6 54. Ra6+ Kg5 55. Kg3 Rb8 56. Ra5+ Kg6 57. Ra6+ Kg5 1/2-1/2

[Event "PNWCC Masters WOO 2020"]
[Site "chess.com INT"]
[Date "2020.07.05"]
[Round "5.25"]
[White "Sampath, Aja"]
[Black "Yang, Kaiqi"]
[Result "0-1"]
[BlackTitle "GM"]
[WhiteElo "1981"]
[BlackElo "2481"]
[WhiteFideId "30955190"]
[BlackFideId "8604398"]
[EventDate "2020.07.04"]

1. e4 e5 2. Nf3 Nc6 3. d4 exd4 4. Bc4 Nf6 5. e5 d5 6. Bb5 Ne4 7. Nxd4 Bd7 8.
Bxc6 bxc6 9. O-O Bc5 10. f3 Ng5 11. f4 Ne4 12. Be3 Bb6 13. Nc3 Nxc3 14. bxc3 Qe7
15. Qd2 O-O 16. Rae1 f5 17. Qf2 c5 18. Nb3 Bb5 19. Nxc5 Bxf1 20. Kxf1 Rfe8 21.
Kg1 Bxc5 22. Bxc5 Qe6 23. Qd4 a6 24. Rd1 Red8 25. a4 Rab8 26. Bb4 Qc6 27. a5 Qc4
28. Qf2 d4 29. Qe1 c5 30. Ba3 dxc3 31. Rxd8+ Rxd8 32. Bc1 Qe4 33. Qxe4 fxe4 34.
Be3 Rd2 35. Bxc5 Rxc2 36. e6 Ra2 37. e7 Kf7 0-1

[Event "PNWCC Masters WOO 2020"]
[Site "chess.com INT"]
[Date "2020.07.05"]
[Round "5.26"]
[White "Melkumyan, Hrant"]
[Black "Nguyen, Thanh Thuy Tien"]
[Result "1/2-1/2"]
[WhiteTitle "GM"]
[BlackTitle "WIM"]
[WhiteElo "2663"]
[BlackElo "1971"]
[WhiteFideId "13302485"]
[BlackFideId "12400998"]
[EventDate "2020.07.04"]

1. e4 c5 2. Nf3 d6 3. d4 cxd4 4. Nxd4 Nf6 5. Nc3 a6 6. Bc4 e6 7. O-O b5 8. Bb3
Bb7 9. Bg5 Nbd7 10. Bxe6 fxe6 11. Nxe6 Qa5 12. Re1 Kf7 13. Nxf8 Rhxf8 14. Qxd6
Qb6 15. Rad1 Kg8 16. Qxb6 Nxb6 17. e5 Nfd5 18. Ne4 Rac8 19. Nd6 Rxc2 20. Bh4 Bc6
21. e6 Ne7 22. Bxe7 Rfxf2 23. Ne4 Rxg2+ 24. Kf1 Bd5 25. Rxd5 Nxd5 26. Bd6 h5 27.
e7 Nxe7 28. Bxe7 Rxh2 29. Bc5 g5 30. b4 h4 31. Nf2 g4 32. Nxg4 Rh1+ 33. Bg1 h3
34. Nf2 Rxf2+ 35. Kxf2 h2 36. Bxh2 Rxh2+ 37. Ke3 Rxa2 38. Kd4 Rc2 39. Kd5 Rc4
40. Re4 Rxe4 41. Kxe4 Kf7 42. Kd5 Ke7 43. Kc6 Ke6 44. Kb6 Kd6 45. Kxa6 Kc6 46.
Ka5 Kc7 47. Kxb5 Kb7 48. Kc5 Kc7 49. b5 Kb7 50. b6 Kb8 51. Kb5 Kb7 52. Kc5 Kb8
53. Kc6 Kc8 54. b7+ Kb8 55. Kb6 1/2-1/2

[Event "PNWCC Masters WOO 2020"]
[Site "chess.com INT"]
[Date "2020.07.05"]
[Round "5.27"]
[White "Swiercz, Dariusz"]
[Black "Maiti, Milind"]
[Result "1-0"]
[WhiteTitle "GM"]
[WhiteElo "2649"]
[BlackElo "2068"]
[WhiteFideId "1126881"]
[BlackFideId "2090767"]
[EventDate "2020.07.04"]

1. Nf3 d5 2. d4 Nf6 3. Bf4 c5 4. e3 Nc6 5. Nbd2 cxd4 6. exd4 Bf5 7. Bb5 e6 8. c4
dxc4 9. Qa4 Qd5 10. Bxc4 Qa5 11. Qxa5 Nxa5 12. Bb5+ Nc6 13. Rc1 Rd8 14. Ne5 Bd6
15. Nxc6 bxc6 16. Bxc6+ Ke7 17. Be3 Bd3 18. f3 Nd5 19. Kf2 Nxe3 20. Kxe3 Bg6 21.
Nc4 Bb8 22. f4 a6 23. Rhd1 Ba7 24. Bf3 Kf6 25. g4 h6 26. h4 Bb8 27. Na5 Rc8 28.
Nc6 Bd6 29. g5+ Kf5 30. Be4+ Kg4 31. Rg1+ Kh5 32. Bf3+ 1-0

[Event "PNWCC Masters WOO 2020"]
[Site "chess.com INT"]
[Date "2020.07.05"]
[Round "5.28"]
[White "Sarkar, Justin"]
[Black "Markzon, Gregory"]
[Result "1-0"]
[WhiteTitle "IM"]
[BlackTitle "FM"]
[WhiteElo "2380"]
[BlackElo "2069"]
[WhiteFideId "2010011"]
[BlackFideId "2003694"]
[EventDate "2020.07.04"]

1. e4 Nf6 2. e5 Nd5 3. d4 d6 4. Nf3 Bg4 5. Be2 e6 6. h3 Bh5 7. c4 Nb6 8. exd6
cxd6 9. Nc3 Nc6 10. d5 Bxf3 11. Bxf3 Ne5 12. dxe6 fxe6 13. Bxb7 Rb8 14. Ba6 Be7
15. Bb5+ Nbd7 16. O-O O-O 17. Qe2 Nc5 18. b4 Ncd3 19. f4 Nxc1 20. Raxc1 Ng6 21.
Qxe6+ Kh8 22. Nd5 Bf6 23. Rcd1 a5 24. a3 axb4 25. axb4 Ra8 26. Bc6 Ra2 27. c5
dxc5 28. Nxf6 1-0